00615nam a22001815i 450000100060000000300090000600500170001500700030003200800410003504000200007610000230009624500680011925000750018726001020026230000270036470000210039185200210041248338ES-MaACL20230906161733.0t|950714s1898 fr ||||1| fre d aCAM bspa cCAM1 aDareste, Rodolphe.13aLa justice administrative en France / cpar Rodolphe Dareste... a2e ed. brevue et completée avec la collaboration de Pierre Dareste. aParis : blibrairie de la Société du Recueil Général des lois et des arréts..., c1898. aXII, 680 p. ; c23 cm.1 aDareste, Pierre. aES-MaACLjF-6524